000 00475nam a2200169 4500
001 110934
003 ES-MaACL
005 20230906185215.0
007 t|
008 061121s1973 sp r ||||1| spa d
100 1 _aO'Flaherty, Liam.
_986326
245 1 3 _aEl delator /
_cLiam O'Flaherty; traducción de Jordi Arbones.
260 _aBarcelona :
_bAymá,
_c1973.
300 _a250 p. ;
_c20 cm.
700 1 _aArbones, Jordi.
_922417
852 _aES-MaACL
_jC-54079
_bR.87016
999 _c110934
_d110934